000 01101 a2200229 4500
999 _c2031
_d2031
020 _a9221174956
050 0 0 _aHD9850.6 SAJ 2005
100 1 _aSajhau, Jean-Paul.
_eauthor
110 _aInternational Labour Organization
245 1 0 _aPromoting fair globalization in textiles and clothing in a post-MFA environment :
_breport for discussion at the Tripartite Meeting on Promoting Fair Globalization in Textiles and Clothing in a Post-MFA Environment, Geneva, 2005 /
_c[prepared by Jean-Paul Sajhau].
264 _aGeneva
_bInternational Labour Organization
_c2005
300 _avii, 76 p. :
_bill., maps ;
500 _aAt head of title: International Labour Organization, Sectoral Activities Programme.
500 _a"TMTC-PMFA/2005."
504 _aIncludes bibliographical references.
650 0 _aTextile industry.
650 0 _aClothing trade.
710 2 _aInternational Labour Organisation.
856 4 1 _3Table of contents only
_uhttp://www.loc.gov/catdir/toc/fy0607/2005481784.html
942 _2lcc
_cBK
_h9850.6
_iSAJ
_kHD